00405 a2200109 4500001001000000005001700010008004100027245010400068100002500172700002600197773007200223ART_5547520260410161609.0260409a 10aProyecto N° 49 de Resolución Técnica. Modificación de la Resolución Técnica (FACPCE) 15:1 aOubiña, Gabriel H.1 aFaccendini, Yanina C.0 tProfesional & Empresariag- Año XXIII, Nº 270 (mar. 2022)wREV70